Tilastot visalle Oseanian pääkaupungit kartalla

Klikkaa tästä pelataksesi tätä visaa!

Yleistilastot

  • Tätä visaa on pelattu 328 kertaa
  • Keskiarvotulos 7 / 14

Vastaukset kartalla

Vastauksille on annettu kartalla punavihreä väri sen mukaan, kuinka moni on saanut sen oikein.
Ladataan ...
 

Vastaustilastot

Vastaus% Oikein
Canberra
95%
Wellington
89%
Port Moresby
61%
Apia
45%
Honiara
45%
Suva
44%
Ngerulmud
43%
Yaren
43%
South Tarawa
42%
Port Vila
41%
Majuro
40%
Palikir
39%
Nukuʻalofa
39%
Funafuti
38%

Tulosjakauma

Persentiili vastausten määrän mukaan

Jokaisen tuloksen saaneiden osuus

Tuloshistoriasi

Et ole pelannut tätä visaa